Harry S. Cummings papers, (Record no. 44487)

MARC details
000 -LEADER
fixed length control field 02106cpcaa2200457 4500
001 - CONTROL NUMBER
control field mm 98084247
003 - CONTROL NUMBER IDENTIFIER
control field DLC
005 - DATE AND TIME OF LATEST TRANSACTION
control field 20260227111727.0
007 - PHYSICAL DESCRIPTION FIXED FIELD--GENERAL INFORMATION
fixed length control field cr |||||||||||
008 - FIXED-LENGTH DATA ELEMENTS--GENERAL INFORMATION
fixed length control field 980715|||||||||||| eng
010 ## - LIBRARY OF CONGRESS CONTROL NUMBER
LC control number mm 98084247
040 ## - CATALOGING SOURCE
Original cataloging agency DLC
Transcribing agency DLC
Description conventions dacs
Modifying agency DLC
072 #7 - SUBJECT CATEGORY CODE
Subject category code B
Source lcmd
100 1# - MAIN ENTRY--PERSONAL NAME
Personal name Cummings, Harry S.,
Dates associated with a name 1866-1917.
245 00 - TITLE STATEMENT
Title Harry S. Cummings papers,
Inclusive dates 1890-1986
Bulk dates (bulk 1890-1917).
300 ## - PHYSICAL DESCRIPTION
Extent 50
Type of unit items.
300 ## - PHYSICAL DESCRIPTION
Extent 2
Type of unit containers.
300 ## - PHYSICAL DESCRIPTION
Extent 0.6
Type of unit linear feet.
506 0# - RESTRICTIONS ON ACCESS NOTE
Terms governing access Open to research.
520 8# - SUMMARY, ETC.
Summary, etc. Correspondence, scrapbooks, and ephemera relating to Cummings's political activities in national and local Republican Party politics and his service on the city council in Baltimore, Md. Documents his efforts to fight racial segregation legislation in the city of Baltimore and his work in support of education for African Americans.
545 0# - BIOGRAPHICAL OR HISTORICAL DATA
Biographical or historical data African American politician and lawyer from Baltimore, Md.
546 ## - LANGUAGE NOTE
Language note Collection material in English.
555 8# - CUMULATIVE INDEX/FINDING AIDS NOTE
Cumulative index/finding aids note Finding aid available in the Library of Congress Manuscript Reading Room and at
Uniform Resource Identifier <a href="http://hdl.loc.gov/loc.mss/eadmss.ms010183">http://hdl.loc.gov/loc.mss/eadmss.ms010183</a>
610 10 - SUBJECT ADDED ENTRY--CORPORATE NAME
Corporate name or jurisdiction name as entry element Baltimore (Md.).
Subordinate unit City Council.
610 20 - SUBJECT ADDED ENTRY--CORPORATE NAME
Corporate name or jurisdiction name as entry element Republican Party (U.S. : 1854- )
650 #0 - SUBJECT ADDED ENTRY--TOPICAL TERM
Topical term or geographic name entry element African American politicians.
650 #0 - SUBJECT ADDED ENTRY--TOPICAL TERM
Topical term or geographic name entry element African Americans
General subdivision Civil rights.
650 #0 - SUBJECT ADDED ENTRY--TOPICAL TERM
Topical term or geographic name entry element African Americans
General subdivision Education.
650 #0 - SUBJECT ADDED ENTRY--TOPICAL TERM
Topical term or geographic name entry element City councils
Geographic subdivision Maryland
-- Baltimore.
650 #0 - SUBJECT ADDED ENTRY--TOPICAL TERM
Topical term or geographic name entry element Civil rights
Geographic subdivision Maryland
-- Baltimore.
650 #0 - SUBJECT ADDED ENTRY--TOPICAL TERM
Topical term or geographic name entry element Segregation
Geographic subdivision Maryland
-- Baltimore.
651 #0 - SUBJECT ADDED ENTRY--GEOGRAPHIC NAME
Geographic name Baltimore (Md.)
General subdivision Politics and government.
651 #0 - SUBJECT ADDED ENTRY--GEOGRAPHIC NAME
Geographic name Baltimore (Md.)
General subdivision Race relations.
651 #0 - SUBJECT ADDED ENTRY--GEOGRAPHIC NAME
Geographic name United States
General subdivision Politics and government
Chronological subdivision 1865-1933.
656 #7 - INDEX TERM--OCCUPATION
Occupation Lawyers.
Source of term itoamc
656 #7 - INDEX TERM--OCCUPATION
Occupation Politicians.
Source of term itoamc
856 4# - ELECTRONIC LOCATION AND ACCESS
Materials specified Finding aid
Uniform Resource Identifier <a href="http://hdl.loc.gov/loc.mss/eadmss.ms010183">http://hdl.loc.gov/loc.mss/eadmss.ms010183</a>
856 4# - ELECTRONIC LOCATION AND ACCESS
Materials specified Finding aid (PDF)
Uniform Resource Identifier <a href="http://hdl.loc.gov/loc.mss/eadmss.ms010183.3">http://hdl.loc.gov/loc.mss/eadmss.ms010183.3</a>

No items available.

Powered by Koha